000 00930njm a22002657a 4500
005 20100918145455.0
007 sd ammalaaahaa
008 100913t xxu||||| |||| 00| 0 hin d
028 _a2392 242
_bPolydor
035 _aGR-03554
040 _aSED/VEN
100 _aMohd. Rafi
_91184
245 _aTen years together /
_cby Mohd. Rafi [and] others
_h[sound recording] :
260 _aDum Dum India
_bPolydor
_c1981
300 _a1 sound disc [Gramophone record] :
_banalog, 33 1/3 rpm
_c12.5 in. (LP)
_fGramophone Record
500 _aBrief Record
500 _aRecord label :Stereo, Orange
505 _aSide-1 (Mujhse bhala yeh) (Lata Mangeshkar) Side-२ (Yamma Yamma) (R D Burman)
600 _aMohd. Rafi
_919992
650 _aFilms Song
_xExcerpts
_zIndia
_919603
650 _920612
700 _920637
942 _2ddc
_cGR
999 _c46789
_d46789